Sports Quiz

Random Sports or Definition Quiz

Sports Lingo Quiz Stats

 Plays Quiz Updated Oct 15, 2012

Also try: Speed Sports
Challenge
Share
Tweet
Embed
Score 0/20 Timer 06:00
1 Play Today
First Definition Term % Correct
A pitch that is swung at and missed by the batter (Baseball)Strike
92.3%
To deliver the ball to the batter (Baseball)Pitch
90.8%
One under par (Golf)Birdie
90.6%
To throw the ball to one's teammate (Football)Pass
90.1%
An attempt to score (Soccer)Shot
88.5%
A team's best starting pitcher (Baseball)Ace
88.3%
A three-point goal made by a place kicker kicking the football between the uprights (Football)Field Goal
87.6%
To advance the next base during the course of a pitch (Baseball)Steal
86.8%
A statistical credit given a relief pitcher for preserving a team's victory by holding its lead in a game (Baseball)Save
86.6%
An arrangement of pins after the first throw in two separate groups, such as the dreaded 7-10 (Bowling)Split(s)
86.4%
First Definition Term % Correct
A unit of a match, consisting of a group of not fewer than six games with a margin of at least two games between the winner and loser (Tennis)Set
84.6%
To be expelled from the game for committing a certain number of infractions (Basketball)Foul Out
78.9%
A competition in which any of the standard strokes may be used (Swimming)Freestyle
78.1%
To catch a fly ball in a way such that the ball touches the ground, though not always visible (Baseball)Trap
69.1%
To search a district for game (Hunting)Drive
66.6%
A wicket (Croquet)Hoop
65.3%
A position, usually taken by the center, near either the basket or the foul line (Basketball)Post
64.8%
To stop the opposing team from scoring during the course of a penalty (Hockey)Kill
54.1%
A rod used to suspend bait in water to catch fish (Fishing)Pole
46.2%
To extend or stretch over a hurdle or other obstacle (Equestrian)Vault
41.1%

You're not logged in!

Compare scores with friends on all Sporcle quizzes.
Join for Free
OR
Log In

You Might Also Like...

Show Comments

Extras

Top Quizzes Today


Score Distribution

Your Account Isn't Verified!

In order to create a playlist on Sporcle, you need to verify the email address you used during registration. Go to your Sporcle Settings to finish the process.

Report this User

Report this user for behavior that violates our Community Guidelines.

Details: